[Event "34th Chess Olympiad (men)"]
[Site "Istanbul"]
[Date "2000.11.10"]
[Round "13.45.1"]
[White "Valiente, Cristobal"]
[Black "Kotronias, Vasilios"]
[WhiteElo "2389"]
[BlackElo "2539"]
[WhiteCountry "PAR"]
[BlackCountry "CYP"]
[Result "0-1"]

1. Nf3 Nf6 2. g3 g6 3. Bg2 Bg7 4. O-O O-O 5. c4 d6 6. Nc3 e5 7. d3 h6 8. Rb1 a5 
9. a3 Re8 10. e4 c6 11. Re1 Na6 12. b4 axb4 13. axb4 Nc7 14. b5 Ne6 
15. bxc6 bxc6 16. h3 Nd7 17. Be3 Ndc5 18. Qd2 Ra3 19. Bxc5 Nxc5 20. d4 exd4 
21. Nxd4 Qa5 22. Re3 Bd7 23. Rd1 Rb8 24. Bf1 h5 25. Rf3 Be5 26. Nb1 Rxb1 
27. Rxa3 Qxd2 28. Rxd2 Bxh3 29. Nxc6 Nxe4 30. Rc2 Rxf1+ 31. Kh2 Nxf2 
32. Rxf2 Rxf2+ 33. Kxh3 Rc2 34. Re3 Rxc4 35. Nxe5 dxe5 36. Rxe5 Rc2 
0-1

[Event "34th Chess Olympiad (men)"]
[Site "Istanbul"]
[Date "2000.11.10"]
[Round "13.45.2"]
[White "Antoniou, Antonis"]
[Black "Peralta, Eduardo"]
[WhiteElo "2246"]
[BlackElo "2330"]
[WhiteCountry "CYP"]
[BlackCountry "PAR"]
[Result "0-1"]

1. e4 c5 2. Nf3 d6 3. d4 cxd4 4. Nxd4 Nf6 5. Nc3 Nc6 6. Bg5 e6 7. Qd2 Be7 
8. O-O-O O-O 9. Nb3 a6 10. Bxf6 gxf6 11. Qh6 Kh8 12. Qh5 Qe8 13. f4 Rg8 
14. g4 b5 15. Bd3 Rg7 16. h4 Qg8 17. Rdg1 b4 18. Ne2 a5 19. Kb1 a4 
20. Nbd4 Nxd4 21. Nxd4 Bb7 22. Nf3 b3 23. cxb3 axb3 24. a3 Ra4 25. Nd2 Rd4 
26. Rh3 Qa8 27. g5 Ba6 28. Bxa6 Rxd2 29. Rxb3 fxg5 30. Bb7 Qa4 31. Ka2 Qc4 
32. Rgg3 Rc2 33. hxg5 d5 34. f5 Bf6 
0-1

[Event "34th Chess Olympiad (men)"]
[Site "Istanbul"]
[Date "2000.11.10"]
[Round "13.45.3"]
[White "Patriarca, Luis"]
[Black "Clerides, Paraskevas"]
[WhiteElo "2307"]
[BlackElo "2226"]
[WhiteCountry "PAR"]
[BlackCountry "CYP"]
[Result "1-0"]

1. c4 Nf6 2. Nc3 g6 3. g3 Bg7 4. Bg2 O-O 5. e4 d6 6. Nge2 e5 7. h3 c6 8. d3 h6 
9. Be3 Nbd7 10. f4 exf4 11. Nxf4 Ne5 12. O-O Nh7 13. Qe2 c5 14. Rad1 Nc6 
15. Nfd5 Ng5 16. Kh2 Ne6 17. Qd2 Kh7 18. Rf2 Ned4 19. Rdf1 f5 20. Nf4 Be5 
21. Nfe2 Bg7 22. Bf4 Nxe2 23. Nxe2 Be6 24. exf5 Rxf5 25. g4 Rf7 26. Be3 Rxf2 
27. Rxf2 Qe7 28. Nf4 Rf8 29. Nxg6 Rxf2 30. Qxf2 Qf7 31. Be4 Qxf2+ 32. Bxf2 Kg8 
33. b3 Nb4 34. a3 Nc2 35. Bg3 Nxa3 36. Bxb7 Bf7 37. Ne7+ Kf8 38. Bxd6 
1-0

[Event "34th Chess Olympiad (men)"]
[Site "Istanbul"]
[Date "2000.11.10"]
[Round "13.45.4"]
[White "Riza, Conrad"]
[Black "Cubas, Jose Fernando"]
[WhiteElo "2000"]
[BlackElo "2247"]
[WhiteCountry "CYP"]
[BlackCountry "PAR"]
[Result "0-1"]

1. Nf3 d5 2. c4 c6 3. d4 Nf6 4. Nc3 dxc4 5. a4 Bf5 6. e3 e6 7. Bxc4 Bb4 
8. O-O Nbd7 9. Bd3 Bg6 10. Bxg6 hxg6 11. Qe2 Qa5 12. e4 e5 13. Nxe5 Nxe5 
14. dxe5 Qxe5 15. f4 Bc5+ 16. Kh1 Qh5 17. Qxh5 Rxh5 18. Nd1 Nxe4 
0-1

[Event "34th Chess Olympiad (men)"]
[Site "Istanbul"]
[Date "2000.11.10"]
[Round "13.46.1"]
[White "Dineley, Richard"]
[Black "Cueto, Johnny"]
[WhiteElo "2273"]
[BlackElo "2389"]
[WhiteCountry "WLS"]
[BlackCountry "BOL"]
[Result "1/2-1/2"]

1. e4 c5 2. Nf3 d6 3. d4 cxd4 4. Nxd4 Nf6 5. Nc3 g6 6. Be3 Bg7 7. f3 Nc6 
8. Qd2 O-O 9. Bc4 Bd7 10. Bb3 Ne5 11. h4 Qa5 12. O-O-O Rfc8 13. h5 Nxh5 
14. Nd5 Qxd2+ 15. Rxd2 Kf8 16. g4 Nf6 17. Rdh2 e6 18. Nxf6 Bxf6 19. Rxh7 a5 
20. a4 Nd3+ 21. Kb1 Nc5 22. g5 Bg7 23. Nf5 exf5 24. Rxg7 Nxb3 25. Rhh7 Be6 
26. exf5 Bxf5 27. Rxf7+ Kg8 28. Rhg7+ 
1/2-1/2

[Event "34th Chess Olympiad (men)"]
[Site "Istanbul"]
[Date "2000.11.10"]
[Round "13.46.2"]
[White "Saavedra, Carlos"]
[Black "Varley, Peter"]
[WhiteElo "2206"]
[BlackElo "2257"]
[WhiteCountry "BOL"]
[BlackCountry "WLS"]
[Result "0-1"]

1. e4 e5 2. Nf3 Nc6 3. Bb5 d6 4. c3 Bd7 5. d3 g6 6. Nbd2 Bg7 7. Nf1 Nf6 
8. Ng3 Qe7 9. h3 O-O 10. O-O h6 11. Re1 a6 12. Ba4 Kh7 13. d4 b5 14. Bc2 Rfd8 
15. Nh2 Ne8 16. Be3 exd4 17. cxd4 Nb4 18. Bb1 c5 19. f4 Nc6 20. Nf3 cxd4 
21. Nxd4 Nxd4 22. Bxd4 Bxd4+ 23. Qxd4 Bc6 24. Kh2 Qa7 25. Qd2 Rac8 26. f5 Qc5 
27. fxg6+ fxg6 28. e5 dxe5 29. Qe2 Rd6 30. Qg4 Rc7 31. Be4 Bxe4 32. Qxe4 Re7 
33. Rac1 Qd5 34. Qh4 Rde6 35. Ne4 Kg7 36. Rf1 g5 37. Qe1 Nf6 38. Ng3 Rf7 
39. b3 e4 40. Rd1 Qe5 41. Rf5 Qc7 42. Rc1 Rc6 43. Rxc6 Qxc6 44. Kh1 Kg8 
45. Re5 Qd6 46. Qc3 Rc7 47. Qb2 Qd1+ 48. Kh2 Rc2 49. Rxg5+ Kf7 
0-1

[Event "34th Chess Olympiad (men)"]
[Site "Istanbul"]
[Date "2000.11.10"]
[Round "13.46.4"]
[White "Campero, Ronald"]
[Black "Binks, Michael"]
[WhiteElo "2000"]
[BlackElo "2155"]
[WhiteCountry "BOL"]
[BlackCountry "WLS"]
[Result "0-1"]

1. d4 d5 2. c4 c6 3. Nf3 Nf6 4. cxd5 cxd5 5. Nc3 e6 6. Bf4 Bd6 7. Bg3 Bxg3 
8. hxg3 Nc6 9. e3 a6 10. Bd3 b5 11. Rc1 Bb7 12. O-O O-O 13. Qe2 Qb6 
14. Rfd1 Rad8 15. Bb1 g6 16. a3 Rfe8 17. Ne5 Nxe5 18. dxe5 Nd7 19. f4 Nb8 
20. Kh2 Nc6 21. b4 Kg7 22. g4 Rd7 23. g5 Rh8 24. Kg3 Qd8 25. Qg4 Qb6 26. Re1 a5 
27. e4 axb4 28. Nxd5 Qd8 29. Nf6 Rd2 30. Rcd1 bxa3 31. Qh4 h5 32. gxh6+ Kf8 
33. Bc2 Ne7 34. Nd5 Nf5+ 35. exf5 Rxg2+ 
0-1

[Event "34th Chess Olympiad (men)"]
[Site "Istanbul"]
[Date "2000.11.10"]
[Round "13.47.1"]
[White "Guillen, Ramirez Jose Antonio"]
[Black "Al, Hadarani Hatim"]
[WhiteElo "2281"]
[BlackElo "2374"]
[WhiteCountry "HON"]
[BlackCountry "YEM"]
[Result "0-1"]

1. e4 c6 2. d4 g6 3. c3 d5 4. exd5 cxd5 5. Nf3 Bg7 6. Bf4 a6 7. Nbd2 Nf6 
8. Bd3 Nh5 9. Be5 f6 10. Bg3 Nc6 11. Qe2 O-O 12. c4 Bg4 13. cxd5 Nxd4 
14. Qe3 Nxf3+ 15. gxf3 Bh3 16. Bc4 Kh8 17. O-O-O b5 18. Bb3 a5 19. d6 e5 
20. Ne4 f5 21. Be6 f4 22. Qb3 a4 23. Qd5 Bg2 24. Bg4 Bxh1 25. Bxh5 gxh5 
26. Rxh1 a3 27. bxa3 fxg3 28. hxg3 Qc8+ 29. Kd2 Qc4 30. Qxc4 bxc4 31. Kc3 Rxf3+ 
32. Kxc4 Ra4+ 33. Kd5 Rd4+ 34. Ke6 Rxe4 35. d7 Bf6 36. Rc1 Bd8 37. Rc8 Rf8 
38. Ra8 Re2 39. a4 e4 40. a5 Rexf2 41. a6 e3 42. a7 e2 43. Rc8 e1=Q+ 44. Kd5 
0-1

[Event "34th Chess Olympiad (men)"]
[Site "Istanbul"]
[Date "2000.11.10"]
[Round "13.47.2"]
[White "Al Badani, Abdo"]
[Black "Medina Colindres, Javier"]
[WhiteElo "2000"]
[BlackElo "2000"]
[WhiteCountry "YEM"]
[BlackCountry "HON"]
[Result "0-1"]

1. e4 Nc6 2. d4 d6 3. f4 g6 4. d5 Nb8 5. Be3 Nf6 6. Nc3 Bg7 7. Be2 c6 
8. Nf3 cxd5 9. exd5 O-O 10. O-O Nbd7 11. f5 Ng4 12. Bd4 Bxd4+ 13. Qxd4 Qb6 
14. Qxb6 Nxb6 15. fxg6 hxg6 16. Rfd1 Ne3 17. Rd2 Bd7 18. Kf2 Ng4+ 19. Kg1 Rac8 
20. Bf1 Ne3 21. Re1 Nxf1 22. Kxf1 Rfe8 23. Rd3 Nc4 24. b3 Na3 25. Nd4 b5 
26. Rde3 Kf8 27. R1e2 Rc5 28. b4 Rc4 29. Ne4 Rxd4 30. Rxa3 Rxd5 31. Rxa7 Bg4 
32. Re3 Re5 33. Kf2 Rc8 34. c3 Bf5 35. Ng3 Rxe3 36. Kxe3 Rxc3+ 37. Kd2 Rc2+ 
38. Ke3 Be6 39. Ne2 Bxa2 40. Nd4 Rxg2 41. Nxb5 Rxh2 42. Nc7 e5 43. b5 Rb2 
44. b6 Rb3+ 45. Kd2 Rxb6 46. Rxa2 Rc6 47. Ra7 Ke7 48. Nd5+ Ke6 49. Nc7+ Kf5 
50. Ne8 f6 51. Ng7+ Ke4 52. Ne8 d5 53. Rf7 f5 54. Nf6+ Kf3 55. Nd7 Kf4 
56. Rh7 Rc7 57. Rh4+ Kg5 58. Rh7 e4 59. Nf8 Rxh7 60. Nxh7+ Kf4 61. Nf8 g5 
62. Ne6+ Kg4 63. Ke2 f4 64. Nd4 Kg3 65. Kf1 f3 66. Nc2 Kf4 67. Nb4 d4 
68. Nd5+ Ke5 69. Nb4 e3 70. Nd3+ Kf5 71. Kg1 g4 72. Nc5 e2 73. Nd3 g3 
74. Kh1 f2 75. Kg2 f1=Q+ 
0-1

[Event "34th Chess Olympiad (men)"]
[Site "Istanbul"]
[Date "2000.11.10"]
[Round "13.47.3"]
[White "Villanueva Marcio, Marcio"]
[Black "Al Kadhi, Hameed"]
[WhiteElo "2000"]
[BlackElo "2335"]
[WhiteCountry "HON"]
[BlackCountry "YEM"]
[Result "0-1"]

1. d4 d5 2. c4 c6 3. Nc3 dxc4 4. e4 b5 5. e5 e6 6. Nf3 Ne7 7. Bg5 h6 
8. Bxe7 Bxe7 9. Be2 Na6 10. O-O Nc7 11. Qc2 Bb7 12. Ne4 Nd5 13. Nc5 Qb6 
14. Nd2 Nb4 15. Qc3 Na6 16. Nde4 Nxc5 17. Nxc5 Bxc5 18. dxc5 Qxc5 19. Rad1 O-O 
20. Rd7 Ba6 21. Rfd1 b4 22. Qd4 Qxd4 23. R1xd4 c5 24. Rd1 Bb5 25. R7d6 a6 
26. Kf1 Rab8 27. Rc1 Rfd8 28. Rxd8+ Rxd8 29. Bxc4 Bxc4+ 30. Rxc4 Rd5 
31. f4 Rd1+ 32. Ke2 Rg1 33. Kf3 Ra1 34. Rxc5 Rxa2 35. Rc2 Kh7 36. Ke3 a5 
37. Kd3 a4 38. Kc4 a3 39. Kb3 Rxb2+ 40. Rxb2 axb2 41. Kxb2 h5 42. f5 Kh6 
43. h4 exf5 44. Kb3 g5 45. Kxb4 gxh4 
0-1

[Event "34th Chess Olympiad (men)"]
[Site "Istanbul"]
[Date "2000.11.10"]
[Round "13.47.4"]
[White "Al-Zendani, Zendan"]
[Black "Facusse-Handal, Davin"]
[WhiteElo "2224"]
[BlackElo "2000"]
[WhiteCountry "YEM"]
[BlackCountry "HON"]
[Result "1-0"]

1. e4 d6 2. d4 Nf6 3. Nc3 g6 4. f3 Bg7 5. Be3 O-O 6. Qd2 e5 7. d5 c6 8. Bg5 c5 
9. h4 b5 10. Nxb5 Qb6 11. c4 Nbd7 12. g4 a6 13. Nc3 Rb8 14. Rb1 h5 15. Bh3 Re8 
16. Nge2 Qb4 17. b3 Qa5 18. Rg1 Kh7 19. Be3 Qd8 20. g5 Ng8 21. Ng3 Nb6 
22. Bf1 Bd7 23. Qg2 Ne7 24. Bd3 Rg8 25. Nd1 a5 26. a4 Rb7 27. Nc3 Bh8 
28. Qe2 Kg7 29. Qc2 Kf8 30. Rf1 Kg7 31. f4 exf4 32. Rxf4 Rf8 33. Rf6 Kg8 
34. e5 dxe5 35. Bxc5 Bg4 36. Nce4 Nd7 37. Ba3 Nf5 38. Nxf5 Bxf5 39. Nd6 Bxd3 
40. Qxd3 Rb8 41. Rf2 e4 42. Qxe4 Be5 43. Kf1 Qb6 44. c5 Qa6+ 45. Qc4 Qa8 
46. Ne4 Rbd8 47. Bb2 Kg7 48. c6 Bxb2 49. Rbxb2 Ne5 50. Qd4 Rfe8 51. Nf6 Re6 
52. Qc3 Re7 53. Rbe2 Qa6 54. Kg2 Qd3 55. Qxd3 Nxd3 56. Rxe7 Nxf2 57. c7 
1-0

[Event "34th Chess Olympiad (men)"]
[Site "Istanbul"]
[Date "2000.11.10"]
[Round "13.48.1"]
[White "Smith, Louis"]
[Black "David, Alberto"]
[WhiteElo "2178"]
[BlackElo "2487"]
[WhiteCountry "AHO"]
[BlackCountry "LUX"]
[Result "0-1"]

1. e4 c5 2. Nf3 e6 3. a3 a6 4. d4 cxd4 5. Nxd4 Nf6 6. Nc3 Qc7 7. Be3 b5 
8. Bd3 Bb7 9. f3 d6 10. Rc1 Nbd7 11. O-O Be7 12. Nce2 d5 13. exd5 Nxd5 
14. Bd2 Nc5 15. b4 Nxd3 16. cxd3 Qb6 17. Kh1 O-O 18. Nb3 Rac8 19. d4 Bd6 
20. Nc5 Rcd8 21. Qc2 Ba8 22. Nc3 Bb8 23. Nxd5 Rxd5 24. Be3 Qd6 25. f4 Rf5 
26. Qf2 Rf6 27. Rc2 Rg6 28. Qh4 Qd5 29. Qh3 Bd6 30. f5 exf5 31. Rxf5 Qc6 
32. d5 Qe8 33. Qf3 Qe7 34. Bg1 Rg5 35. Rf2 Rxf5 36. Qxf5 g6 37. Qd3 
0-1

[Event "34th Chess Olympiad (men)"]
[Site "Istanbul"]
[Date "2000.11.10"]
[Round "13.48.2"]
[White "Mossong, Hubert"]
[Black "Neumann, Han H W M"]
[WhiteElo "2213"]
[BlackElo "2228"]
[WhiteCountry "LUX"]
[BlackCountry "AHO"]
[Result "1-0"]

1. e4 d6 2. d4 Nf6 3. Bd3 g6 4. Ne2 Bg7 5. O-O O-O 6. c3 c5 7. f3 Nc6 8. a3 a6 
9. Be3 Nd7 10. Nd2 b5 11. f4 cxd4 12. cxd4 Qb6 13. Nb3 Na5 14. Rf3 Nxb3 
15. Qxb3 Bb7 16. Qd1 Nf6 17. d5 Qa5 18. b4 Qd8 19. Rc1 Rc8 20. h3 e6 
21. dxe6 fxe6 22. Qb3 Rxc1+ 23. Bxc1 Qc8 24. f5 gxf5 25. Rxf5 Bd5 26. exd5 exf5 
27. Bf4 Ne4 28. Bxe4 fxe4 29. Bxd6 Rf7 30. Bc5 Qf5 31. Ng3 Qe5 32. d6 Qa1+ 
33. Kh2 Be5 34. d7 Bc7 35. Qd5 Bd8 36. Bd4 Qe1 37. Qe5 
1-0

[Event "34th Chess Olympiad (men)"]
[Site "Istanbul"]
[Date "2000.11.10"]
[Round "13.48.3"]
[White "Mensing, Fabio"]
[Black "Wagener, Claude"]
[WhiteElo "2000"]
[BlackElo "2210"]
[WhiteCountry "AHO"]
[BlackCountry "LUX"]
[Result "1-0"]

1. d4 Nf6 2. Bf4 g6 3. Nf3 Bg7 4. e3 O-O 5. Be2 d6 6. h3 Nbd7 7. O-O b6 
8. Nbd2 Bb7 9. a4 c5 10. c3 Re8 11. Nc4 Ne4 12. Nfd2 d5 13. Nxe4 dxe4 14. a5 b5 
15. a6 Bd5 16. Na3 b4 17. cxb4 cxd4 18. exd4 Qb6 19. Nb5 Rac8 20. Qd2 Bc4 
21. Ra5 Bxe2 22. Qxe2 Nf6 23. Be5 Nd5 24. Nxa7 Nxb4 25. Rb5 Qxa7 26. Rxb4 Rc6 
27. Bxg7 Kxg7 28. Ra1 Ra8 29. Qxe4 Rxa6 30. Rxa6 Qxa6 31. Qxe7 Ra7 32. Qe5+ f6 
33. Qc5 Rd7 34. Rb8 Kh6 35. Rb6 Qd3 36. Qf8+ Kh5 37. Qxf6 Rxd4 38. g4+ Kh6 
39. Qf8+ Kg5 40. Qe7+ Kh6 41. Rb7 
1-0

[Event "34th Chess Olympiad (men)"]
[Site "Istanbul"]
[Date "2000.11.10"]
[Round "13.48.4"]
[White "Brittner, Serge"]
[Black "Maduro, Sherman"]
[WhiteElo "2000"]
[BlackElo "2230"]
[WhiteCountry "LUX"]
[BlackCountry "AHO"]
[Result "1-0"]

1. d4 d5 2. c4 e6 3. Nc3 c6 4. e3 Nf6 5. Nf3 Nbd7 6. Bd3 Bd6 7. O-O O-O 
8. e4 dxe4 9. Nxe4 Nxe4 10. Bxe4 Nf6 11. Bc2 Qc7 12. Bg5 Ng4 13. h3 Nh2 
14. Re1 Be7 15. Bd2 Nxf3+ 16. Qxf3 f5 17. Rad1 Bd7 18. Bf4 Bd6 19. Bxd6 Qxd6 
20. Re5 b6 21. Qe3 Rae8 22. f4 Qb4 23. Bb3 Rf6 24. d5 Qe7 25. d6 Qd8 26. c5 b5 
27. Rd3 Rg6 28. Rxf5 a5 29. Re5 Kh8 30. f5 exf5 31. Rxe8+ Bxe8 32. Qe7 Qxe7 
33. dxe7 a4 
1-0

[Event "34th Chess Olympiad (men)"]
[Site "Istanbul"]
[Date "2000.11.10"]
[Round "13.49.3"]
[White "Simonet, Marc"]
[Black "Lebel, Patrick"]
[WhiteElo "2295"]
[BlackElo "2172"]
[WhiteCountry "AND"]
[BlackCountry "MNC"]
[Result "1-0"]

1. d4 b6 2. e4 Bb7 3. Nc3 e6 4. Nf3 Bb4 5. Bd3 Nf6 6. Bg5 h6 7. Bxf6 Bxc3+ 
8. bxc3 Qxf6 9. O-O O-O 10. Nd2 d6 11. f4 Nd7 12. Qe2 Qe7 13. e5 Rae8 
14. Rae1 Kh8 15. Qh5 dxe5 16. fxe5 Qg5 17. Qe2 f5 18. exf6 Nxf6 19. Nc4 Nd5 
20. Qe4 g6 21. Qxg6 Qxg6 22. Bxg6 Rxf1+ 23. Rxf1 Re7 24. Bd3 Kg7 25. Rf3 Nxc3 
26. Rg3+ Kf8 27. Rh3 Kg7 28. Ne5 Ne4 29. Re3 
1-0

[Event "34th Chess Olympiad (men)"]
[Site "Istanbul"]
[Date "2000.11.10"]
[Round "13.49.4"]
[White "Bussachini, Michel"]
[Black "Cots, Paltor Jordi"]
[WhiteElo "2068"]
[BlackElo "2123"]
[WhiteCountry "MNC"]
[BlackCountry "AND"]
[Result "0-1"]

1. e4 d5 2. Nc3 d4 3. Nce2 e5 4. d3 c5 5. f4 Nc6 6. Nf3 Bd6 7. g3 f6 
8. Bg2 Nge7 9. O-O Bg4 10. a3 Qd7 11. Bd2 O-O 12. f5 b5 13. Nh4 c4 14. h3 Bxe2 
15. Qxe2 Bc5 16. b4 Bb6 17. Kh2 c3 18. Bc1 a5 19. bxa5 Rxa5 20. g4 h6 
21. Nf3 Bc5 22. Rg1 Qd6 23. h4 Kf7 24. g5 hxg5 25. Nxg5+ fxg5 26. Qh5+ g6 
27. Qh7+ Ke8 28. Bxg5 gxf5 29. exf5 Nxf5 30. Be4 Nfe7 31. Raf1 Rxf1 
32. Rxf1 Nd8 33. Qh8+ Kd7 34. Rf8 Kc7 35. Re8 Qd7 36. h5 Nf7 
0-1

[Event "34th Chess Olympiad (men)"]
[Site "Istanbul"]
[Date "2000.11.10"]
[Round "13.50.2"]
[White "Omolo, Keneth"]
[Black "Elliott, Warren"]
[WhiteElo "2053"]
[BlackElo "2196"]
[WhiteCountry "KEN"]
[BlackCountry "JAM"]
[Result "1-0"]

1. d4 f5 2. Nc3 d5 3. Bf4 c6 4. Nf3 Nf6 5. Ne5 g6 6. h4 Qb6 7. h5 Rg8 
8. hxg6 hxg6 9. Qd3 g5 10. Bd2 Na6 11. a3 Qxb2 12. Rb1 Qxa3 13. Nxd5 Qa2 
14. Nc3 Qe6 15. e3 Nc7 16. Be2 Bg7 17. e4 f4 18. Nf3 Bf8 19. e5 Nfd5 
20. Ne4 Qf5 21. c4 Nb6 22. Rh5 Nxc4 23. Rxg5 Rxg5 24. Nfxg5 Nxd2 25. Bh5+ Kd8 
26. Nf7+ Qxf7 27. Bxf7 Nxb1 28. Qxb1 Bf5 29. f3 Rb8 30. Qc1 e6 31. Qxf4 Bb4+ 
32. Kf2 Nd5 33. Qg5+ Kc7 34. Ng3 Bd3 35. Bxe6 Nc3 36. Bf7 Nd1+ 37. Kg1 a5 
38. e6 a4 39. e7 a3 40. Qe5+ Bd6 41. e8=Q Rxe8 42. Qxe8 Bxg3 43. Qe7+ Kb8 
44. Qxa3 Bf5 45. Bb3 Bf2+ 46. Kh2 Ne3 47. g4 Bd3 48. Be6 Ba6 49. g5 Nf1+ 
50. Kg2 Bh4 51. g6 
1-0

[Event "34th Chess Olympiad (men)"]
[Site "Istanbul"]
[Date "2000.11.10"]
[Round "13.50.3"]
[White "Rowe, Duane"]
[Black "Kanyingi, Joseph"]
[WhiteElo "2000"]
[BlackElo "2200"]
[WhiteCountry "JAM"]
[BlackCountry "KEN"]
[Result "1-0"]

1. e4 c5 2. Nf3 Nc6 3. Bb5 Nd4 4. Bc4 e6 5. Nxd4 cxd4 6. O-O Qc7 7. d3 Nf6 
8. Qe2 d6 9. c3 dxc3 10. Nxc3 a6 11. Bf4 b5 12. Bb3 Bb7 13. Rac1 Qd8 14. d4 Be7 
15. e5 dxe5 16. dxe5 Nd7 17. Rfd1 O-O 18. Bc2 g6 19. Rd3 Qc8 20. Rh3 Nc5 
21. Bb1 Qc6 22. Ne4 Qd5 23. Rxc5 Qd4 24. Rc1 f5 25. exf6 Bxf6 26. Nxf6+ Qxf6 
27. Be3 Qe5 28. Re1 Rad8 29. Rg3 Bd5 30. h4 Bc4 31. Qg4 Bd3 32. Bxd3 Rxd3 
33. Bd2 Rxg3 34. fxg3 Qc5+ 35. Kh2 Rf5 36. Qe4 e5 37. Bc3 Qf2 38. Bxe5 h5 
39. Bd4 Qd2 40. Qe8+ 
1-0

[Event "34th Chess Olympiad (men)"]
[Site "Istanbul"]
[Date "2000.11.10"]
[Round "13.50.4"]
[White "Mukabi, John"]
[Black "Wheeler, Robert"]
[WhiteElo "2100"]
[BlackElo "2226"]
[WhiteCountry "KEN"]
[BlackCountry "JAM"]
[Result "0-1"]

1. e4 Nf6 2. e5 Nd5 3. d4 d6 4. c4 Nb6 5. f4 dxe5 6. fxe5 Bf5 7. Nf3 e6 
8. Nc3 Be7 9. Be2 Nc6 10. a3 O-O 11. Be3 Qd7 12. O-O Rad8 13. b4 Bg4 14. c5 Nd5 
15. Nxd5 Qxd5 16. b5 Qe4 17. Qb3 Bxf3 18. Bxf3 Nxd4 19. Bxd4 Qxd4+ 20. Kh1 Qxe5 
21. Bxb7 Bxc5 22. Rae1 Qh5 23. Rf3 Rd4 24. Rh3 Rh4 25. Rxh4 Qxh4 26. g3 Qf6 
27. Rd1 Rd8 28. Rxd8+ Qxd8 29. Qf3 Qd4 30. Kg2 Qb2+ 31. Kh3 Qxb5 32. Bc6 Qb8 
33. a4 Qd8 34. Qb3 g6 35. Qf3 Kg7 36. Qc3+ Bd4 37. Qf3 h5 38. Kg2 Bf6 
39. Qf2 Qd6 40. Qc2 Qb4 41. Qc1 h4 42. gxh4 Qg4+ 43. Kh1 Qxh4 44. Qe3 Bd4 
45. Qe2 Qg5 46. Qe1 Qf4 47. Kg2 Be5 48. Qg1 Qc4 49. Bb5 Qe4+ 50. Kh3 Qf3+ 
0-1

[Event "34th Chess Olympiad (men)"]
[Site "Istanbul"]
[Date "2000.11.10"]
[Round "13.51.1"]
[White "Cave, Christo"]
[Black "Dos Ramos, Carlos"]
[WhiteElo "2296"]
[BlackElo "2000"]
[WhiteCountry "TRI"]
[BlackCountry "SUR"]
[Result "1-0"]

1. e4 g6 2. d4 Bg7 3. Nf3 d6 4. c3 Nd7 5. Bd3 e5 6. Bg5 Ngf6 7. Nbd2 O-O 
8. h3 h6 9. Be3 c6 10. Qc2 b5 11. a4 bxa4 12. Rxa4 Nb6 13. dxe5 dxe5 
14. Ra1 Re8 15. O-O Qc7 16. b4 Bd7 17. Rfd1 Nh5 18. Bf1 Be6 19. c4 f5 
20. c5 Nd7 21. Nc4 fxe4 22. Nfd2 Ndf6 23. Nd6 Rf8 24. Bc4 Qe7 25. N2xe4 Kh7 
26. Bd3 Nf4 27. Bf1 N6d5 28. Bd2 Bf5 29. Nxf5 gxf5 30. Nd6 Qg5 31. Ra3 Qh5 
32. g4 Qg6 33. Nxf5 Ne7 34. Bxf4 exf4 35. Bd3 
1-0

[Event "34th Chess Olympiad (men)"]
[Site "Istanbul"]
[Date "2000.11.10"]
[Round "13.51.2"]
[White "Siban, Michael"]
[Black "Merrit, Mario"]
[WhiteElo "2000"]
[BlackElo "2159"]
[WhiteCountry "SUR"]
[BlackCountry "TRI"]
[Result "1/2-1/2"]

1. e4 c6 2. d4 d5 3. exd5 cxd5 4. Bd3 Nc6 5. c3 Nf6 6. Bf4 g6 7. Nf3 Bg7 
8. O-O O-O 9. h3 Bd7 10. Nbd2 Qb6 11. Nb3 Na5 12. Nxa5 Qxa5 13. Qe2 Rfe8 
14. Rfe1 Rac8 15. Ne5 Ba4 16. Qe3 Bb5 17. Bc2 Qb6 18. Bh6 Bc4 19. Bxg7 Kxg7 
20. Nxc4 Rxc4 21. Bb3 Rc7 22. Re2 Qc6 23. Rae1 b5 24. Qe5 a5 25. Bxd5 Qb6 
26. a3 Kg8 27. Bf3 b4 28. axb4 axb4 29. Qe3 Rec8 30. Rc1 e6 31. Qd3 Rd8 
32. Ra1 bxc3 33. bxc3 Qb3 34. Rc1 Rc4 35. Qc2 Qa3 36. Rd2 Rdc8 37. Rd3 Rb8 
38. Re3 Rb3 39. Be2 Rc7 40. Rf3 Rb2 41. Qd1 Rxe2 42. Rxf6 Rb7 43. Rc2 Rxc2 
44. Qxc2 Rb2 45. Qd3 Rb3 46. Rf3 Qc1+ 47. Kh2 Rb1 48. Qe4 Qh1+ 49. Kg3 Rg1 
50. Rf4 g5 51. Rf6 h5 52. d5 Kg7 53. Qf3 Qxh3+ 54. Kxh3 g4+ 55. Kh2 gxf3 
56. Rxf3 Rd1 57. dxe6 fxe6 58. Re3 Kf6 59. Kg3 Rd5 60. c4 Rd4 61. Rc3 Ke7 
62. Kf3 Kd6 63. Ke3 Kc5 64. Ke2 Rg4 65. g3 h4 66. gxh4 Rxh4 67. Re3 Rxc4 
68. Rxe6 Kd5 69. Re8 Rc3 70. f4 Kd6 71. Re3 Rxe3+ 72. Kxe3 Ke6 73. Ke4 Kf6 
74. f5 Kf7 75. Kf4 Kf6 76. Kg4 Kf7 77. Kg5 Kg7 78. f6+ Kf7 79. Kf5 Kf8 
80. Ke5 Kf7 81. Ke4 
1/2-1/2

[Event "34th Chess Olympiad (men)"]
[Site "Istanbul"]
[Date "2000.11.10"]
[Round "13.51.3"]
[White "Yee, Frank"]
[Black "Matoewi, Roger"]
[WhiteElo "2169"]
[BlackElo "2000"]
[WhiteCountry "TRI"]
[BlackCountry "SUR"]
[Result "1-0"]

1. e4 c5 2. Nf3 d6 3. d4 cxd4 4. Nxd4 Nf6 5. Nc3 a6 6. Bc4 g6 7. O-O Bg7 
8. Bb3 O-O 9. h3 Nc6 10. Be3 Bd7 11. Qd2 Rc8 12. Rad1 Ne5 13. Qe2 Qc7 
14. Nd5 Nxd5 15. exd5 Nc4 16. c3 Nxe3 17. Qxe3 Rfe8 18. Rfe1 Qc5 19. Qf4 b5 
20. Nf3 h6 21. Re3 a5 22. Rde1 Bf8 23. a3 Rb8 24. Nd4 b4 25. axb4 axb4 
26. Rf3 f6 27. Bc2 bxc3 28. bxc3 Qxd5 29. Bxg6 Rec8 30. Rg3 Kh8 31. Rxe7 
1-0

[Event "34th Chess Olympiad (men)"]
[Site "Istanbul"]
[Date "2000.11.10"]
[Round "13.51.4"]
[White "Gajadin, Dew"]
[Black "Duncan, Leonard"]
[WhiteElo "2202"]
[BlackElo "2000"]
[WhiteCountry "SUR"]
[BlackCountry "TRI"]
[Result "1-0"]

1. e4 g6 2. d4 Bg7 3. c4 d6 4. Nc3 Nd7 5. Be3 e5 6. Nge2 Ne7 7. Qd2 f5 
8. f4 fxe4 9. fxe5 dxe5 10. Nxe4 Nb6 11. b3 exd4 12. Bxd4 Bxd4 13. Nxd4 Nf5 
14. O-O-O Qxd4 15. Qxd4 Nxd4 16. Rxd4 O-O 17. c5 Nd7 18. Bc4+ Kg7 19. Rf1 Rxf1+ 
20. Bxf1 b6 21. Bb5 Nxc5 22. Nxc5 bxc5 23. Rd8 Bb7 24. Rd7+ Kh6 25. g3 Rc8 
26. Kb2 a6 27. Bc4 Bc6 28. Re7 Bb5 29. Kc3 Rf8 30. Bf7 Kg5 31. Rxc7 h5 
32. Rxc5+ Kg4 33. Bxg6 h4 34. gxh4 Kxh4 35. Kb4 Rh8 36. Bf5 Bf1 37. Ka5 Rd8 
38. a4 Rd2 39. Bc8 Rd6 40. Re5 Rc6 41. Bb7 Rf6 42. Bd5 Rf2 43. Bc4 Bh3 
44. Re2 Rf6 45. Re4+ Kg5 46. Bxa6 Bg2 47. Rd4 Rf5+ 48. Bb5 Bf1 49. Kb6 Bxb5 
50. axb5 Rf2 51. h4+ Kh5 52. Kc6 Rf3 53. b4 Rf6+ 54. Kb7 Rf7+ 55. Ka6 Rf6+ 
56. b6 Kg6 57. Ka7 
1-0

[Event "34th Chess Olympiad (men)"]
[Site "Istanbul"]
[Date "2000.11.10"]
[Round "13.52.3"]
[White "Kantinti, Shadrack"]
[Black "Mannhart, Marcel"]
[WhiteElo "2000"]
[BlackElo "2061"]
[WhiteCountry "UGA"]
[BlackCountry "LIE"]
[Result "0-1"]

1. e4 g6 2. d4 Bg7 3. f4 d5 4. e5 Bf5 5. Nc3 e6 6. Nf3 Nd7 7. Be3 Ne7 8. h3 h5 
9. Qd2 c6 10. Be2 b5 11. a3 Nb6 12. b3 Bf8 13. Ng5 h4 14. O-O Nec8 15. Bf2 Be7 
16. Qe3 Bxc2 17. Rfc1 Bxb3 18. Nxb5 Bc4 19. Nc3 Bxe2 20. Nxe2 Nc4 21. Qb3 N8b6 
22. Nf3 Kf8 23. a4 a5 24. Rcb1 Kg7 25. Qc3 Rb8 26. Qc1 Nd7 27. Nc3 Rb4 
28. Nd1 Rxb1 29. Rxb1 Ndb6 30. Ne3 Nxe3 31. Qxe3 Qc7 32. Be1 Nc4 33. Qc1 Qa7 
34. Kh1 Rb8 35. Bf2 Rxb1 36. Qxb1 Qb6 37. Qe1 Qb4 38. Bxh4 Qxe1+ 39. Bxe1 Bb4 
40. Bxb4 axb4 41. Ng1 b3 42. Ne2 b2 43. Nc3 Na5 44. Kg1 Nb3 45. Kf2 Nxd4 
46. a5 Nb5 47. Nb1 c5 48. Ke2 c4 49. Kd2 d4 50. Kc2 c3 51. a6 g5 52. fxg5 Kg6 
53. h4 Kf5 54. g3 Kxe5 55. h5 Kf5 56. h6 Kg6 
0-1

[Event "34th Chess Olympiad (men)"]
[Site "Istanbul"]
[Date "2000.11.10"]
[Round "13.52.4"]
[White "Mundle, Kurt"]
[Black "Kawuma, Stevan"]
[WhiteElo "2000"]
[BlackElo "2020"]
[WhiteCountry "LIE"]
[BlackCountry "UGA"]
[Result "0-1"]

1. d4 Nf6 2. Nf3 e6 3. c4 b6 4. Nc3 Bb7 5. Bg5 Be7 6. e3 h6 7. Bh4 d6 
8. Bd3 Nbd7 9. O-O O-O 10. Nd2 c5 11. f3 cxd4 12. exd4 d5 13. cxd5 Nxd5 
14. Bxe7 Qxe7 15. Nxd5 Bxd5 16. Be4 Qb4 17. Bxd5 Qxd4+ 18. Rf2 exd5 19. Nb3 Qe5 
20. Re2 Qd6 21. Qd4 Nf6 22. Rd1 Rfe8 23. Red2 Re5 24. Qc3 Rae8 25. Rd3 Rh5 
26. g3 Re2 27. R3d2 Rhxh2 28. Qc8+ Qf8 29. Qc2 Qe8 30. Qd3 Qe5 31. f4 Rhg2+ 
32. Kf1 Rgf2+ 33. Kg1 Qh5 
0-1